Stráž vlasti

Vojenský týždenník Stráž vlasti bola úradným orgánom slovenského vojska, brannej výchovy, CPO, SLES, OAP, OAV a „iných sem patriacich organizácií". Podľa programového článku do konca roku 1943 s časopisom Stráž vlasti mali splynúť: Slovenské vojsko, Slovenský vojak, Slovenské krídla, Vzlet, Pop...

Full description

Bibliographic Details
Format: Journal
Language:Slovak
PhysicalDescription:2 zv. 50 cm
Published: Bratislava Prešov Globus 1943-1944
Subjects:

MARC

LEADER 00000cas a2200000 a 4500
001 vtls001306655
003 SK-MaSNL
005 20260228155639.0
008 160628d19431944xo wr p 0 0b0slo
035 |a SNK000258913 
040 |a SNK  |b slo  |c SNK  |e AACR2 
041 0 |a slo 
044 |a xo  |c SK 
072 7 |a 355/359  |x Vojenstvo. Obrana krajiny. Ozbrojené sily  |2 konspekt 
080 |a 355.3  |2 2011 
080 |a 355.586  |2 2011 
080 |a (051)-027.561  |2 2011 
245 0 0 |a Stráž vlasti 
260 |a Bratislava  |a Prešov  |b Globus  |c 1943-1944 
300 |a 2 zv.  |c 50 cm 
310 |a 1x týždenne 
362 0 |a Roč. 1, č. 1 (3. júla 1943)-roč. 2, č. 34-35 (25. aug. 1944) 
500 |a Podnázov od č. 16 (2/1944): orgán národnej obrany 
500 |a Po č. 7 (13. aug. 1943) vychádzal týždenne s obrázkovou prílohou "Slovenské vojsko", od č. 8 (20. aug. 1943) pod názvom: "Stráž vlasti v obrazoch" 
500 |a Majiteľ Ministerstvo národnej obrany. Vydavateľ „Globus“ Prešov - Bratislava. Tlač Slovenská Grafia 
520 |a Vojenský týždenník Stráž vlasti bola úradným orgánom slovenského vojska, brannej výchovy, CPO, SLES, OAP, OAV a „iných sem patriacich organizácií". Podľa programového článku do konca roku 1943 s časopisom Stráž vlasti mali splynúť: Slovenské vojsko, Slovenský vojak, Slovenské krídla, Vzlet, Poplach a Zpravodaj. V roku 1944 Stráž vlasti otvorila rubriku Slovenský vojak, ktorá mala nahradit zrušený časopis Slovenské vojsko. V II. ročníku časopis mal rubriku „Letectvo“. Stráž vlasti uverejňovala: materiály z kultúry, a to domácej aj zahraničnej, (rozprávky, recenzie, preklady, reprodukcie výtvarných diel, dejiny, národopis), prehľad o hospodárstve, mala športovú rubriku (aj turistické krásy Slovenska), brannú výchovu (z brannej stránky sa venoval aj HM). Posledná stránka bola venovaná rubrike Frontový vojak 
650 0 7 |a vojenstvo  |2 SNKPH  |9 22591 
650 0 7 |a armáda  |2 SNKPH  |9 1643 
650 0 7 |a branná výchova  |2 SNKPH  |9 71875 
655 7 |a odborné časopisy  |2 SNKPH  |9 70505 
770 0 |t Slovenské vojsko  |w vtls010300459 
770 0 |t Stráž vlasti v obrazoch  |w vtls010300495 
850 |a Slovenská národná knižnica v Martine 
910 |a snk 
999 |c 59  |d 59 
952 |0 0  |1 0  |4 0  |7 0  |8 5  |a SNK  |b SNK  |d 2003-08-04  |i snkČSF 519/57  |l 0  |o snkČSA 250/1/1943 D1  |p 17A0390384  |r 2005-01-02 00:00:00  |t č. 1-27  |w 2026-02-21  |y PREZ 
952 |0 0  |1 0  |4 0  |7 0  |8 1  |a SNK  |b SNK  |d 1997-10-18  |i snkČSD 76/57  |l 0  |o snkČSA 250/1/1943  |p 17A0390383  |r 2005-01-02 00:00:00  |t č. 1-27  |w 2026-02-21  |y PREZ 
952 |0 0  |1 0  |4 0  |7 0  |a SNK  |b SNK  |d 2003-08-04  |i snk 2818/44  |l 0  |o snkČSA 250/2/1944  |p 17A0104225  |r 2005-01-02 00:00:00  |t č. 1-35  |w 2026-02-21  |y PREZ 
952 |0 0  |1 0  |4 0  |7 0  |8 5  |a SNK  |b SNK  |d 2003-08-04  |i snkČSF 420/57  |l 0  |o snkČSA 250/2/1944 D1  |p 17A0390376  |r 2005-01-02 00:00:00  |t č. 1-35, neúplné  |w 2026-02-21  |y PREZ  |z Chýba č. 19